<?xml version="1.0" encoding="UTF-8"?>
<record
    xmlns:xsi="http://www.w3.org/2001/XMLSchema-instance"
    xsi:schemaLocation="http://www.loc.gov/MARC21/slim http://www.loc.gov/standards/marcxml/schema/MARC21slim.xsd"
    xmlns="http://www.loc.gov/MARC21/slim">

  <leader>01229na  a2200313   4500</leader>
  <controlfield tag="001">16643</controlfield>
  <controlfield tag="003">MIRAKIL</controlfield>
  <controlfield tag="005">20181213155209.0</controlfield>
  <controlfield tag="008">161012b        tu            000 0      </controlfield>
  <datafield tag="035" ind1=" " ind2=" ">
    <subfield code="a">16643</subfield>
  </datafield>
  <datafield tag="040" ind1=" " ind2=" ">
    <subfield code="a">Milas</subfield>
    <subfield code="b">tur</subfield>
    <subfield code="c">TR-AnCHP</subfield>
  </datafield>
  <datafield tag="041" ind1=" " ind2=" ">
    <subfield code="a">tur</subfield>
  </datafield>
  <datafield tag="082" ind1=" " ind2=" ">
    <subfield code="a">CHP 320.9561</subfield>
    <subfield code="b">K61t 1983</subfield>
  </datafield>
  <datafield tag="090" ind1=" " ind2=" ">
    <subfield code="a">CHP 320.9561 K61t 1983</subfield>
  </datafield>
  <datafield tag="100" ind1=" " ind2=" ">
    <subfield code="a">Ko&#xE7;ak, Cemil</subfield>
  </datafield>
  <datafield tag="245" ind1=" " ind2=" ">
    <subfield code="a">T&#xFC;rkiye'de "milli &#x15F;ef" d&#xF6;nemi</subfield>
    <subfield code="b">(1938-1945) </subfield>
    <subfield code="b">T&#xFC;rk siyasal hayat&#x131; a&#xE7;&#x131;s&#x131;ndan d&#xF6;nemin i&#xE7; ve d&#x131;&#x15F; politikas&#x131; &#xFC;zerine bir ara&#x15F;t&#x131;rma</subfield>
    <subfield code="c">Cemil Ko&#xE7;ak</subfield>
  </datafield>
  <datafield tag="246" ind1=" " ind2=" ">
    <subfield code="a">Milli &#x15F;ef d&#xF6;nemi (1938-1945)</subfield>
  </datafield>
  <datafield tag="246" ind1=" " ind2=" ">
    <subfield code="a">T&#xFC;rk siyasal hayat&#x131; a&#xE7;&#x131;s&#x131;ndan d&#xF6;nemin i&#xE7; ve d&#x131;&#x15F; politikas&#x131; &#xFC;zerine bir ara&#x15F;t&#x131;rma</subfield>
  </datafield>
  <datafield tag="260" ind1=" " ind2=" ">
    <subfield code="a">Ankara</subfield>
    <subfield code="b">Ankara &#xDC;niversitesi Siyasal Bilgiler Fak&#xFC;ltesi</subfield>
    <subfield code="c">1983</subfield>
  </datafield>
  <datafield tag="300" ind1=" " ind2=" ">
    <subfield code="a">2 c. (994 s.)</subfield>
    <subfield code="c">30x20 sm.</subfield>
  </datafield>
  <datafield tag="502" ind1=" " ind2=" ">
    <subfield code="a">Tez (Doktora)</subfield>
    <subfield code="c">Ankara &#xDC;niversitesi Siyasal Bilgiler Fak&#xFC;ltesi</subfield>
    <subfield code="d">1983</subfield>
  </datafield>
  <datafield tag="504" ind1=" " ind2=" ">
    <subfield code="a">Kaynak&#xE7;a (ss.551-564) var.</subfield>
  </datafield>
  <datafield tag="600" ind1=" " ind2=" ">
    <subfield code="a">&#x130;n&#xF6;n&#xFC;, &#x130;smet</subfield>
    <subfield code="x">Siyaset ve y&#xF6;netim</subfield>
    <subfield code="y">1938-1946</subfield>
  </datafield>
  <datafield tag="600" ind1=" " ind2=" ">
    <subfield code="a">&#x130;n&#xF6;n&#xFC;, &#x130;smet</subfield>
    <subfield code="x">Siyasal ve sosyal g&#xF6;r&#xFC;&#x15F;ler</subfield>
  </datafield>
  <datafield tag="610" ind1=" " ind2=" ">
    <subfield code="a">CHP</subfield>
    <subfield code="x">Tarih</subfield>
  </datafield>
  <datafield tag="651" ind1=" " ind2=" ">
    <subfield code="a">T&#xFC;rkiye</subfield>
    <subfield code="x">Siyaset ve y&#xF6;netim</subfield>
    <subfield code="y">1923-1946</subfield>
  </datafield>
  <datafield tag="651" ind1=" " ind2=" ">
    <subfield code="a">T&#xFC;rkiye</subfield>
    <subfield code="x">Siyasal tarih</subfield>
    <subfield code="y">1938-1945</subfield>
  </datafield>
  <datafield tag="942" ind1=" " ind2=" ">
    <subfield code="2">dcc</subfield>
    <subfield code="c">BKS</subfield>
  </datafield>
  <datafield tag="952" ind1=" " ind2=" ">
    <subfield code="5">1</subfield>
    <subfield code="a">0001</subfield>
    <subfield code="b">0001</subfield>
    <subfield code="d">2016-10-12</subfield>
    <subfield code="e">2</subfield>
    <subfield code="h">c.1</subfield>
    <subfield code="l">0</subfield>
    <subfield code="o">CHP 320.9561 K61t 1983</subfield>
    <subfield code="p">006801</subfield>
    <subfield code="r">2016-10-12 00:00:00</subfield>
    <subfield code="w">2016-10-12</subfield>
    <subfield code="y">BKS</subfield>
  </datafield>
  <datafield tag="952" ind1=" " ind2=" ">
    <subfield code="5">1</subfield>
    <subfield code="a">0001</subfield>
    <subfield code="b">0001</subfield>
    <subfield code="d">2016-10-09</subfield>
    <subfield code="e">2</subfield>
    <subfield code="h">c.2</subfield>
    <subfield code="l">0</subfield>
    <subfield code="o">CHP 320.9561 K61t 1983</subfield>
    <subfield code="p">006802</subfield>
    <subfield code="r">2016-10-09 00:00:00</subfield>
    <subfield code="w">2016-10-09</subfield>
    <subfield code="y">BKS</subfield>
  </datafield>
  <datafield tag="999" ind1=" " ind2=" ">
    <subfield code="c">8371</subfield>
    <subfield code="d">8371</subfield>
  </datafield>
</record>
